000 00473nam a2200169Ia 4500
008 230718s9999 xx 000 0 und d
041 _aeng
082 _a005.14
_bPAR
100 _aParikh R.
_9121287
245 _a186 Ready To Run Programs For Borland C++ 3.1 Under Windows 3.1
260 _c1993
_bVision Books
300 _a622
_dRef 71 C (3109)
365 _cRs.
_b235.00
500 _a71 C
700 _aParikh R.
_9121287
906 _dB:90703-Feb-1994
_cCOMP
_b35.25
999 _c292008
_d292008